00138 a2200073 45000010005000001000015000052450026000202600018000467803 aMaugham, V aAt the end of the day abHeanimannc